| 000 | 00000cas 2200000zi 4500 |
| 001 | 9.948447 |
| 003 | CaOODSP |
| 005 | 20260224132708 |
| 006 | m o d f |
| 007 | cr cn |||||||| |
| 008 | 250226c20259999qucar p o f0###a0eng|d |
| 022 | |a2819-1153 |
| 040 | |aCaOODSP|beng|erda|cCaOODSP |
| 043 | |an-cn--- |
| 086 | 1 |aBC9-43E-PDF |
| 222 | 0|aCanadian telecommunications market report |
| 245 | 00|aCanadian telecommunications market report. |
| 264 | 1|aGatineau, Quebec, Canada : |bCanadian Radio-television and Telecommunications Commission = Conseil de la radiodiffusion et des télécommunications canadiennes, |c[2025]- |
| 310 | |aAnnual |
| 336 | |atext|btxt|2rdacontent |
| 337 | |acomputer|bc|2rdamedia |
| 338 | |aonline resource|bcr|2rdacarrier |
| 362 | 1 |aBegan with: 2025. |
| 500 | |aIssued also in French under title: Rapport sur le marché canadien des télécommunications. |
| 588 | |aDescription based on: 2025; title from PDF cover page. |
| 588 | |aLatest issue consulted: 2025. |
| 650 | 0|aTelecommunication|zCanada|vStatistics|vPeriodicals. |
| 655 | 7|aPeriodicals|2lcgft |
| 710 | 2 |aCanadian Radio-television and Telecommunications Commission, |eissuing body. |
| 775 | 08|tRapport sur le marché canadien des télécommunications.|w(CaOODSP)9.948446 |
| 780 | 00|tAnnual highlights of the telecommunications sector ... |w(CaOODSP)9.904654 |
| 780 | 00|tAnnual highlights of the broadcasting sector ...|w(CaOODSP)9.904650 |